[Event "PRO League Group Stage"]
[Site "chess.com INT"]
[Date "2020.02.17"]
[Round "7"]
[White "Shimanov, Aleksandr"]
[Black "Flores, Diego"]
[Result "1/2-1/2"]
[WhiteTitle "GM"]
[BlackTitle "GM"]
[WhiteElo "2587"]
[BlackElo "2599"]
[WhiteTeam "Chicago Wind"]
[BlackTeam "Argentina Krakens"]
[WhiteFideId "4198603"]
[BlackFideId "108049"]
[EventDate "2020.01.06"]

1. Nf3 c5 2. e3 Nf6 3. d4 g6 4. d5 Bg7 5. Nc3 O-O 6. Bc4 d6 7. h3 e5 8. e4 a6 9.
a4 Nbd7 10. Bg5 h6 11. Be3 b5 12. axb5 Nb6 13. Nd2 Nxe4 14. Ncxe4 f5 15. Nxc5
axb5 16. Rxa8 Nxa8 17. Bxb5 f4 18. Bxf4 exf4 19. Nd3 Nc7 20. Bc6 Qg5 21. Qf3
Qe7+ 22. Qe4 Qf7 23. O-O g5 24. Re1 Bf5 25. Qe7 Qxe7 26. Rxe7 Na6 27. Nc4 Rd8
28. Ne1 Bf6 29. Ra7 Nc5 30. b4 Ne4 31. Nf3 h5 32. Ra8 Rxa8 33. Bxa8 g4 34. hxg4
hxg4 35. Nfd2 Nc3 36. Nxd6 Bxc2 37. g3 f3 38. N6c4 Bd4 39. d6 Ne2+ 40. Kf1 Kf8
41. Be4 Ba4 42. Bf5 Bb5 43. Bxg4 Nc1 44. Bxf3 Nb3 45. Be2 Nc1 46. Ke1 Bc3 47.
Bf1 Bxb4 48. Kd1 Na2 49. Kc2 Ba4+ 50. Kb2 Nc3 51. Nb6 Nd1+ 52. Kc1 Ba3+ 53. Kb1
Nc3+ 54. Ka1 Bc6 55. Nbc4 Bc5 56. f4 Bd4 57. Nb3 Bf6 58. Ne5 Ba4 59. Nc5 Bd1 60.
Ne6+ Kg8 61. d7 Ne4 62. d8=Q+ Bxd8 63. Nxd8 Nxg3 64. Bc4+ Kg7 65. Ne6+ Kf6 66.
Nd4 Nh5 67. Nd3 Bg4 68. Bd5 Bh3 69. Be4 Bf1 70. f5 Ng3 71. Nc5 Ke5 72. Nd7+ Kxd4
73. f6 Bc4 74. Bg6 Ne4 75. f7 Bxf7 76. Bxf7 Nd6 77. Bg8 Nc4 78. Ka2 Ne5 79. Nf6
Nd3 80. Kb3 Nc5+ 81. Kb4 Ne4 82. Nd5 Nd6 83. Nc3 Ne4 84. Nb5+ Ke5 1/2-1/2

[Event "PRO League Group Stage"]
[Site "chess.com INT"]
[Date "2020.02.17"]
[Round "7"]
[White "Naroditsky, Daniel"]
[Black "Tabatabaei, M.amin"]
[Result "1/2-1/2"]
[WhiteTitle "GM"]
[BlackTitle "GM"]
[WhiteElo "2621"]
[BlackElo "2638"]
[WhiteTeam "California Unicorns"]
[BlackTeam "U.K. Lions"]
[WhiteFideId "2026961"]
[BlackFideId "12521213"]
[EventDate "2020.01.06"]

1. e4 e5 2. Nf3 Nc6 3. Bb5 Nf6 4. O-O Nxe4 5. d4 Nd6 6. Ba4 e4 7. Ne5 Be7 8. Nc3
O-O 9. Re1 a6 10. Nxe4 Nxe4 11. Rxe4 Nxe5 12. dxe5 d5 13. exd6 Bxd6 14. Bf4 Bxf4
15. Rxf4 Be6 16. Bb3 Qxd1+ 17. Rxd1 Rfd8 18. Rfd4 Rxd4 19. Rxd4 Bxb3 20. axb3 1/2-1/2

[Event "PRO League Group Stage"]
[Site "chess.com INT"]
[Date "2020.02.17"]
[Round "7"]
[White "Astaneh Lopez, Alex"]
[Black "Swiercz, Dariusz"]
[Result "0-1"]
[WhiteTitle "IM"]
[BlackTitle "GM"]
[WhiteElo "2432"]
[BlackElo "2659"]
[WhiteTeam "U.K. Lions"]
[BlackTeam "California Unicorns"]
[WhiteFideId "2501430"]
[BlackFideId "1126881"]
[EventDate "2020.01.06"]

1. Nf3 d5 2. e3 e6 3. c4 Nf6 4. b3 b6 5. Bb2 Bb7 6. Be2 Nbd7 7. O-O Bd6 8. d4
O-O 9. Nc3 a6 10. Rc1 Qe7 11. Re1 Rac8 12. Bd3 c5 13. cxd5 exd5 14. Bf5 c4 15.
bxc4 Rxc4 16. Nd2 Rc7 17. Na4 Rxc1 18. Qxc1 b5 19. Nc5 Nxc5 20. dxc5 Bxc5 21.
Bxf6 Qxf6 22. Bxh7+ Kxh7 23. Qxc5 Rc8 24. Qa7 Rc2 25. Nf3 Bc8 26. h4 g6 27. e4
d4 28. e5 Qf4 29. e6 Bxe6 30. Qxa6 d3 0-1

[Event "PRO League Group Stage"]
[Site "chess.com INT"]
[Date "2020.02.17"]
[Round "7"]
[White "Tan, Justin2"]
[Black "Abdusattorov, Nodirbek"]
[Result "0-1"]
[WhiteTitle "GM"]
[BlackTitle "GM"]
[WhiteElo "2511"]
[BlackElo "2635"]
[WhiteTeam "U.K. Lions"]
[BlackTeam "California Unicorns"]
[WhiteFideId "3206882"]
[BlackFideId "14204118"]
[EventDate "2020.01.06"]

1. e4 c5 2. Nf3 d6 3. d4 cxd4 4. Nxd4 Nf6 5. Nc3 a6 6. h3 e6 7. g4 Nfd7 8. g5 b5
9. a3 Bb7 10. Be3 Nb6 11. Rg1 N8d7 12. Qd2 Rc8 13. O-O-O Ne5 14. Qe1 Nec4 15.
Bxc4 Nxc4 16. f4 Qc7 17. Rd3 g6 18. Bf2 h6 19. h4 hxg5 20. hxg5 Bg7 21. f5 Bxd4
22. Bxd4 e5 23. Bf2 Qa5 24. fxg6 fxg6 25. Rh1 Rf8 26. Kb1 b4 27. Nd5 Bxd5 28.
Rxd5 Qa4 29. axb4 Na3+ 30. bxa3 Qxc2+ 31. Ka1 Rxf2 32. Rh8+ Kd7 0-1

[Event "PRO League Group Stage"]
[Site "chess.com INT"]
[Date "2020.02.17"]
[Round "7"]
[White "Smirnov, Anton"]
[Black "Jones, Gawain C B"]
[Result "1/2-1/2"]
[WhiteTitle "GM"]
[BlackTitle "GM"]
[WhiteElo "2604"]
[BlackElo "2679"]
[WhiteTeam "California Unicorns"]
[BlackTeam "U.K. Lions"]
[WhiteFideId "3208923"]
[BlackFideId "409561"]
[EventDate "2020.01.06"]

1. d4 Nf6 2. c4 d6 3. Nc3 e5 4. e3 Nc6 5. Nf3 g6 6. b3 Bg7 7. Bb2 exd4 8. Nxd4
Bg4 9. Be2 Bxe2 10. Ncxe2 O-O 11. O-O Ne5 12. Nf4 Re8 13. Nf3 Ne4 14. Nxe5 dxe5
15. Ne2 Qh4 16. Qc2 Rad8 17. Ng3 Rd2 18. Qxe4 Qxe4 19. Nxe4 Rxb2 20. Rfd1 f5 21.
Nc5 e4 22. Nxb7 Rb8 23. Nc5 Rc2 24. Rab1 Rxa2 25. g3 Rb2 26. Rxb2 Bxb2 27. Rb1
Bg7 28. Na6 Rb7 29. b4 Bf8 30. c5 c6 31. Rd1 Be7 32. Kf1 Kf7 33. Ke2 Ke6 34. h4
Rd7 35. Rb1 Rb7 36. Rd1 Ke5 37. Rd2 h6 38. Kd1 g5 39. hxg5 hxg5 40. Ke2 Ke6 41.
Rd1 Kf7 42. Rh1 Bf6 43. Rd1 Be7 44. Rh1 Kg7 45. Rb1 Kf8 46. Rh1 Bf6 47. Rd1 Be7
48. f3 exf3+ 49. Kxf3 Kf7 50. e4 Kf6 51. Rh1 fxe4+ 52. Kxe4 Ke6 53. Rh8 Bf6 54.
Re8+ Re7 55. Rxe7+ Bxe7 56. Nb8 a5 57. bxa5 Bxc5 58. Nxc6 Kd6 59. Ne5 Bf2 60. g4
Be1 61. Kf5 Bc3 62. a6 Kc7 63. Nf7 Kb6 64. Nxg5 Bd2 65. Ne6 Kxa6 66. Nf4 Kb7 67.
g5 Kc8 68. g6 Bc3 69. Nd5 Bh8 70. Ke6 Kd8 71. Nf6 Bg7 72. Kf7 Bh8 73. Ne4 Kd7
74. Nc5+ Kd8 75. Kf8 Bb2 76. Nd3 Bh8 77. Kg8 Bc3 78. Kf7 Bh8 79. Nc5 Bc3 80. Ne4
Bh8 81. Nf6 Kc7 82. Ke7 Kc6 83. Ke6 Kc7 84. Ke7 Kc6 85. Nh7 Kd5 86. Ng5 Bc3 87.
Nh7 Bh8 88. Nf6+ Ke5 89. Ne8 Kf5 90. Kf7 Kg5 91. Ng7 Kh6 92. Ne6 Kh5 93. Nf4+
Kg5 94. Nd5 Kh6 95. Nc7 Kg5 96. Nd5 Kh5 97. Ne3 Kg5 98. Nc4 Kh5 99. Nd6 Kg5 100.
Ne8 Kh5 101. Ng7+ Kh6 102. Ne6 Kh5 103. Nf8 Kh6 1/2-1/2

[Event "PRO League Group Stage"]
[Site "chess.com INT"]
[Date "2020.02.17"]
[Round "7"]
[White "Guseinov, Gadir"]
[Black "Giri, Anish"]
[Result "0-1"]
[WhiteTitle "GM"]
[BlackTitle "GM"]
[WhiteElo "2666"]
[BlackElo "2768"]
[WhiteTeam "New York Marshalls"]
[BlackTeam "Canada Chessbrahs"]
[WhiteFideId "13401378"]
[BlackFideId "24116068"]
[EventDate "2020.01.06"]

1. e4 c5 2. Nc3 Nc6 3. Nf3 e5 4. Bc4 Be7 5. d3 d6 6. O-O Nf6 7. Ng5 O-O 8. f4
exf4 9. Bxf4 Nd4 10. Qd2 Bg4 11. Kh1 Qd7 12. a4 Bh5 13. Rae1 h6 14. Nf3 Nxf3 15.
gxf3 Kh7 16. Qg2 Rg8 17. Bd2 Raf8 18. f4 Qg4 19. Qxg4 Bxg4 20. f5 g6 21. fxg6+
Rxg6 22. Nd5 Nxd5 23. Bxd5 Bh3 24. Rg1 Bh4 25. Ra1 Rxg1+ 26. Rxg1 Bf2 27. Rb1
Rg8 28. e5 dxe5 29. Bxb7 f5 30. Bf3 c4 31. Bc3 cxd3 32. cxd3 Rd8 33. Bg2 Bxg2+
34. Kxg2 Bd4 35. Rc1 Kg6 36. Kf1 Bxc3 37. Rxc3 Rd4 38. b3 Kg5 39. Kf2 h5 40. a5
Rh4 41. Kg2 Rb4 42. Rc7 Rxb3 43. Rxa7 Rxd3 44. a6 Ra3 45. Re7 Kf4 46. a7 h4 47.
Rh7 h3+ 48. Kf2 Ra2+ 49. Kg1 e4 50. Rh4+ Ke5 51. Rh7 f4 52. Kf1 Kd4 53. Rh8 Rxa7 0-1

[Event "PRO League Group Stage"]
[Site "chess.com INT"]
[Date "2020.02.17"]
[Round "7"]
[White "Robson, Ray"]
[Black "Obregon, Andres Carlos"]
[Result "1-0"]
[WhiteTitle "GM"]
[BlackTitle "GM"]
[WhiteElo "2673"]
[BlackElo "2525"]
[WhiteTeam "Chicago Wind"]
[BlackTeam "Argentina Krakens"]
[WhiteFideId "2023970"]
[BlackFideId "111724"]
[EventDate "2020.01.06"]

1. e4 e5 2. Nf3 Nc6 3. Bb5 Nf6 4. d3 Bc5 5. Bxc6 dxc6 6. Nbd2 Be6 7. O-O Qd6 8.
b3 O-O-O 9. Bb2 Nd7 10. Ng5 f6 11. Nxe6 Qxe6 12. a3 Kb8 13. b4 Bd6 14. Bc3 h5
15. a4 h4 16. h3 Qe7 17. Qb1 Nf8 18. b5 c5 19. a5 Ne6 20. Nc4 Nf4 21. Bd2 g5 22.
f3 Qd7 23. Kh2 Rhg8 24. b6 cxb6 25. a6 b5 26. axb7 Qxb7 27. Ra5 b4 28. Qa2 Bc7
29. Rxc5 Ne6 30. Bxb4 Nxc5 31. Bxc5 Kc8 32. Rb1 Qc6 33. Qxa7 Kd7 34. Rb7 Rg7 35.
Na5 1-0

[Event "PRO League Group Stage"]
[Site "chess.com INT"]
[Date "2020.02.17"]
[Round "7"]
[White "Nyzhnyk, Illya"]
[Black "Villanueva, Mario"]
[Result "1/2-1/2"]
[WhiteTitle "GM"]
[BlackTitle "IM"]
[WhiteElo "2662"]
[BlackElo "2488"]
[WhiteTeam "Chicago Wind"]
[BlackTeam "Argentina Krakens"]
[WhiteFideId "14118084"]
[BlackFideId "113433"]
[EventDate "2020.01.06"]

1. Nf3 d5 2. g3 Nf6 3. Bg2 c5 4. O-O g6 5. d3 Bg7 6. c3 O-O 7. Bf4 Nc6 8. Ne5
Bd7 9. Nxc6 Bxc6 10. Be5 Qd7 11. d4 c4 12. Nd2 b5 13. a3 a5 14. Re1 Ne4 15. Bxg7
Kxg7 16. Nxe4 dxe4 17. Qd2 Bd5 18. Qf4 Qd6 19. Qe3 f5 20. f3 f4 21. gxf4 Qxf4
22. Qxf4 Rxf4 23. e3 Rh4 24. Rf1 Rf8 25. fxe4 Rxf1+ 26. Rxf1 Bxe4 27. Bxe4 Rxe4
28. a4 Rxe3 29. axb5 e5 30. d5 Rd3 31. b3 cxb3 32. b6 Rxd5 33. c4 Rd7 34. c5 Rb7
35. Ra1 Kf6 36. Rxa5 Ke6 37. Rb5 Kd5 38. Kg2 b2 39. Rxb2 Kxc5 40. Kf3 Rxb6 41.
Rxb6 Kxb6 42. Ke4 Kc5 43. Kxe5 Kc4 44. Kf6 Kd4 45. Kg7 Ke4 46. Kxh7 Kf5 47. h4
Kg4 48. Kxg6 Kxh4 1/2-1/2

[Event "PRO League Group Stage"]
[Site "chess.com INT"]
[Date "2020.02.17"]
[Round "7"]
[White "Flores, Diego"]
[Black "Cori, Jorge"]
[Result "0-1"]
[WhiteTitle "GM"]
[BlackTitle "GM"]
[WhiteElo "2599"]
[BlackElo "2652"]
[WhiteTeam "Argentina Krakens"]
[BlackTeam "Chicago Wind"]
[WhiteFideId "108049"]
[BlackFideId "3802272"]
[EventDate "2020.01.06"]

1. c4 e5 2. Nc3 Nc6 3. Nf3 g6 4. e3 Bg7 5. d4 d6 6. Be2 exd4 7. exd4 Nf6 8. d5
Ne7 9. O-O O-O 10. h3 Re8 11. Bf4 h6 12. Qd2 g5 13. Bh2 Ng6 14. Bd3 Nh5 15. Rfe1
Bd7 16. Rxe8+ Qxe8 17. Qc2 Nhf4 18. Re1 Qf8 19. Bf5 Bxf5 20. Qxf5 Bxc3 21. bxc3
Re8 22. Re3 Re7 23. h4 Qe8 24. Rxe7 Qxe7 25. hxg5 Ne2+ 26. Kh1 hxg5 27. c5 dxc5
28. Qc8+ Nf8 29. Bxc7 Nxc3 30. d6 Qd7 31. Qxb7 Qf5 32. Qb2 Ne4 33. Qe5 Qxe5 34.
Nxe5 Nf6 35. Bd8 N6d7 36. Nxd7 Nxd7 37. Bxg5 f6 38. Bf4 Kf7 39. g4 c4 40. Kg2 c3
41. Kf3 c2 42. Ke2 Ne5 43. Bc1 Ke6 44. Kd2 Nxg4 45. Kxc2 Kxd6 46. f3 Ne5 47. f4
Nc4 48. Kd3 Kd5 49. f5 Ne5+ 50. Ke3 a6 51. a3 Nc4+ 52. Kf4 Kd4 53. a4 Kd3 54.
Kg4 Ke4 55. Bh6 Ne5+ 56. Kg3 Kxf5 57. Kf2 Ke4 58. Bg7 Nd3+ 59. Ke2 f5 60. Bh6
Nc5 61. a5 Nb3 62. Kd1 Nxa5 63. Kc2 f4 64. Kc3 f3 65. Kb4 f2 0-1

[Event "PRO League Group Stage"]
[Site "chess.com INT"]
[Date "2020.02.17"]
[Round "7"]
[White "Perez Ponsa, Federico"]
[Black "Shimanov, Aleksandr"]
[Result "0-1"]
[WhiteTitle "GM"]
[BlackTitle "GM"]
[WhiteElo "2559"]
[BlackElo "2587"]
[WhiteTeam "Argentina Krakens"]
[BlackTeam "Chicago Wind"]
[WhiteFideId "117927"]
[BlackFideId "4198603"]
[EventDate "2020.01.06"]

1. e4 c6 2. Nf3 d5 3. d3 Qc7 4. Nc3 dxe4 5. Nxe4 Nf6 6. Qe2 Nxe4 7. Qxe4 Nd7 8.
Bf4 Qa5+ 9. Bd2 Qd5 10. Qf4 Nf6 11. Be2 g6 12. O-O Bg7 13. Rfe1 O-O 14. Bf1 Re8
15. Bc3 Nh5 16. Qd2 Bxc3 17. bxc3 Bg4 18. Ne5 Be6 19. Qh6 Ng7 20. g3 f6 21. Bg2
Qc5 22. Nf3 Qxc3 23. Rab1 Rab8 24. a4 Bd5 25. Re2 Nf5 26. Qf4 e5 27. Qg4 Bxf3
28. Bxf3 Nd4 29. Re3 Nxc2 30. Re2 Nd4 31. Re3 f5 32. Qg5 Nxf3+ 33. Rxf3 e4 34.
Rxf5 exd3 35. Rf3 Qc2 36. Rf1 d2 37. Qf4 Qa2 38. Kg2 Rbd8 39. Rd1 Rf8 40. Qe3
Qd5 41. Rxd2 Qxf3+ 42. Qxf3 Rxf3 43. Rxd8+ Rf8 44. Rd7 Rf7 45. Rd8+ Kg7 46. f4
Rc7 47. Kf3 c5 48. Ke3 Kf7 49. Kd3 Ke6 50. Kc4 b6 51. Rd5 Rd7 52. Re5+ Kf6 53.
a5 Rd4+ 54. Kb5 Rb4+ 55. Ka6 bxa5 56. Kxa5 Rb2 57. Rxc5 Rxh2 58. g4 Rh4 59. Rc6+
Kf7 60. Rc7+ Ke6 61. f5+ gxf5 62. gxf5+ Kxf5 63. Rxa7 h5 64. Kb5 Rf4 65. Kc5 h4
66. Kd5 h3 67. Rh7 Kg4 68. Ke5 Ra4 69. Rg7+ Kf3 70. Rf7+ Kg3 71. Rb7 h2 72. Rb3+
Kh4 73. Rb1 Rg4 74. Rb8 Kh3 75. Rh8+ Rh4 76. Rxh4+ Kxh4 0-1

[Event "PRO League Group Stage"]
[Site "chess.com INT"]
[Date "2020.02.17"]
[Round "7"]
[White "Giri, Anish"]
[Black "Iturrizaga Bonelli, Eduardo"]
[Result "1-0"]
[WhiteTitle "GM"]
[BlackTitle "GM"]
[WhiteElo "2768"]
[BlackElo "2597"]
[WhiteTeam "Canada Chessbrahs"]
[BlackTeam "New York Marshalls"]
[WhiteFideId "24116068"]
[BlackFideId "3901211"]
[EventDate "2020.01.06"]

1. e4 c6 2. d4 d5 3. exd5 cxd5 4. Bd3 Nc6 5. c3 g6 6. Bf4 Bg7 7. Nf3 Bg4 8. Nbd2
f6 9. Qb3 Qd7 10. O-O Nh6 11. Rfe1 O-O 12. h3 Be6 13. Rxe6 Qxe6 14. c4 Na5 15.
Qb5 Qb6 16. Qxb6 axb6 17. cxd5 Rfd8 18. b4 Rxd5 19. bxa5 Rdxa5 20. Bc4+ Kf8 21.
Bc7 Rc8 22. Bxb6 Raa8 23. Bd5 Rc2 24. Re1 Nf5 25. Bc5 Nd6 26. Ne4 Rd8 27. Nxd6
exd6 28. Bb4 Rb2 29. a3 1-0

[Event "PRO League Group Stage"]
[Site "chess.com INT"]
[Date "2020.02.17"]
[Round "7"]
[White "Swiercz, Dariusz"]
[Black "Tan, Justin2"]
[Result "1/2-1/2"]
[WhiteTitle "GM"]
[BlackTitle "GM"]
[WhiteElo "2659"]
[BlackElo "2511"]
[WhiteTeam "California Unicorns"]
[BlackTeam "U.K. Lions"]
[WhiteFideId "1126881"]
[BlackFideId "3206882"]
[EventDate "2020.01.06"]

1. d4 Nf6 2. c4 e6 3. Nc3 Bb4 4. e3 O-O 5. Bd2 d5 6. Nf3 b6 7. cxd5 exd5 8. Rc1
a6 9. Bd3 Re8 10. O-O Bd6 11. Ne2 Ne4 12. Ng3 Bg4 13. Be2 Nd7 14. Bc3 Nxc3 15.
bxc3 h5 16. Nd2 Bxe2 17. Qxe2 g6 18. Qf3 Qg5 19. c4 h4 20. Ne2 Nf6 21. cxd5 Kg7
22. h3 Qxd5 23. Qxd5 Nxd5 24. Nf3 Re4 25. Nc3 Nxc3 26. Rxc3 Rh8 27. Nd2 Ree8 28.
Nc4 Bb4 29. Rc2 Rh5 30. Rb1 a5 31. Kf1 Rd5 32. Ne5 Bd6 33. Nc4 Bb4 34. Ne5 Bd6
35. Nc4 1/2-1/2

[Event "PRO League Group Stage"]
[Site "chess.com INT"]
[Date "2020.02.17"]
[Round "7"]
[White "Abdusattorov, Nodirbek"]
[Black "Astaneh Lopez, Alex"]
[Result "1-0"]
[WhiteTitle "GM"]
[BlackTitle "IM"]
[WhiteElo "2635"]
[BlackElo "2432"]
[WhiteTeam "California Unicorns"]
[BlackTeam "U.K. Lions"]
[WhiteFideId "14204118"]
[BlackFideId "2501430"]
[EventDate "2020.01.06"]

1. e4 e5 2. Nf3 Nc6 3. Bb5 Nf6 4. O-O Nxe4 5. Re1 Nd6 6. Nxe5 Be7 7. Bf1 Nxe5 8.
Rxe5 O-O 9. Nc3 Bf6 10. Re1 c6 11. d4 Re8 12. Rxe8+ Nxe8 13. d5 d6 14. Be3 Bf5
15. Bd3 Qd7 16. Qd2 Nc7 17. dxc6 bxc6 18. Bxf5 Qxf5 19. Qxd6 Be5 20. Qxc6 Rc8
21. Rd1 Qxc2 22. Rc1 Qd3 23. g3 h6 24. Nd5 Kh8 25. Qb7 Qf5 26. Ne7 1-0

[Event "PRO League Group Stage"]
[Site "chess.com INT"]
[Date "2020.02.17"]
[Round "7"]
[White "Jones, Gawain C B"]
[Black "Naroditsky, Daniel"]
[Result "0-1"]
[WhiteTitle "GM"]
[BlackTitle "GM"]
[WhiteElo "2679"]
[BlackElo "2621"]
[WhiteTeam "U.K. Lions"]
[BlackTeam "California Unicorns"]
[WhiteFideId "409561"]
[BlackFideId "2026961"]
[EventDate "2020.01.06"]

1. e4 e5 2. Nf3 Nc6 3. d4 exd4 4. Nxd4 Bc5 5. Nxc6 bxc6 6. Bd3 Nf6 7. O-O d6 8.
h3 O-O 9. Nc3 Re8 10. Na4 Bb6 11. Qf3 Nd7 12. Nxb6 axb6 13. Qg3 Nc5 14. b4 Nxe4
15. Bxe4 Rxe4 16. Bb2 f6 17. a3 Qe7 18. f3 Re6 19. Rfe1 Bd7 20. Rxe6 Bxe6 21.
Re1 Re8 22. Re4 Qf7 23. h4 h5 24. a4 Ra8 25. a5 bxa5 26. bxa5 Rxa5 27. Qe1 Rb5
28. Rxe6 Rxb2 29. Qe4 f5 30. Re8+ Kh7 31. Qxc6 Rxc2 32. Qa8 Kg6 33. Re1 Kh7 34.
Re8 Kg6 35. Re1 Rc5 36. Qd8 Re5 37. Rc1 Re7 38. Qa8 Qf6 39. Qa4 f4 40. Qc2+ Kh6
41. Qf2 c5 42. Rd1 c4 43. Qc2 d5 44. Qf2 c3 45. Rxd5 c2 46. g4 c1=Q+ 47. Kh2
hxg4 48. fxg4 Kh7 49. g5 Qfb2 50. g6+ Kxg6 0-1

[Event "PRO League Group Stage"]
[Site "chess.com INT"]
[Date "2020.02.17"]
[Round "7"]
[White "Tabatabaei, M.amin"]
[Black "Smirnov, Anton"]
[Result "0-1"]
[WhiteTitle "GM"]
[BlackTitle "GM"]
[WhiteElo "2638"]
[BlackElo "2604"]
[WhiteTeam "U.K. Lions"]
[BlackTeam "California Unicorns"]
[WhiteFideId "12521213"]
[BlackFideId "3208923"]
[EventDate "2020.01.06"]

1. Nf3 d5 2. g3 g6 3. c4 c6 4. Bg2 Bg7 5. d4 Nf6 6. O-O dxc4 7. a4 Ne4 8. Na3
Nd6 9. Re1 O-O 10. e4 Bg4 11. h3 Bxf3 12. Bxf3 e5 13. dxe5 Bxe5 14. Bh6 Re8 15.
Qc2 Qf6 16. Bg2 g5 17. Bxg5 Qxg5 18. f4 Bd4+ 19. Kh2 Qg6 20. Rad1 Bg7 21. Qd2
Bf8 22. e5 Nf5 23. g4 Nh4 24. Bh1 Bxa3 25. bxa3 Na6 26. f5 Qg7 27. Qf2 Qg5 28.
Rd7 Rad8 29. e6 fxe6 30. fxe6 Rf8 31. Qd4 Nc5 32. Rxd8 Qxd8 33. Qxc4 Qd6+ 0-1

[Event "PRO League Group Stage"]
[Site "chess.com INT"]
[Date "2020.02.17"]
[Round "7"]
[White "Supi, Luis Paulo"]
[Black "Xiong, Jeffery"]
[Result "1-0"]
[WhiteTitle "GM"]
[BlackTitle "GM"]
[WhiteElo "2577"]
[BlackElo "2712"]
[WhiteTeam "Brazil Capybaras"]
[BlackTeam "Saint Louis Arch Bishops"]
[WhiteFideId "2106388"]
[BlackFideId "2047640"]
[EventDate "2020.01.06"]

1. e4 c6 2. d4 d5 3. e5 Bf5 4. h4 h5 5. Bd3 Bxd3 6. Qxd3 e6 7. Bg5 Qa5+ 8. Nd2
Ne7 9. Ne2 Qa6 10. c4 Nd7 11. O-O f6 12. Nf4 fxg5 13. Nxe6 Rc8 14. Nxg5 g6 15.
Qf3 Nf5 16. cxd5 Be7 17. Ne6 cxd5 18. Qxd5 Qc6 19. Qb3 Qb6 20. Nf3 Nxh4 21. Nxh4
Bxh4 22. Qh3 Rh7 23. f4 Rc6 24. f5 gxf5 25. Nf4 Be7 26. Kh1 Qxd4 27. Qxf5 Nf8
28. Rad1 Qc4 29. e6 Rc5 30. Nd5 Rxd5 31. Rxd5 Qh4+ 32. Kg1 Qb4 33. Qf7+ 1-0

[Event "PRO League Group Stage"]
[Site "chess.com INT"]
[Date "2020.02.17"]
[Round "7"]
[White "Dominguez Perez, Leinier"]
[Black "Diamant, Andre"]
[Result "1-0"]
[WhiteTitle "GM"]
[BlackTitle "GM"]
[WhiteElo "2758"]
[BlackElo "2547"]
[WhiteTeam "Saint Louis Arch Bishops"]
[BlackTeam "Brazil Capybaras"]
[WhiteFideId "3503240"]
[BlackFideId "2108356"]
[EventDate "2020.01.06"]

1. e4 c5 2. Nf3 d6 3. d4 cxd4 4. Nxd4 Nf6 5. Nc3 Nc6 6. f3 e5 7. Nb3 Be7 8. Be3
O-O 9. Qd2 a5 10. Bb5 Be6 11. O-O-O Na7 12. Bxa7 Rxa7 13. Qe3 Ra8 14. Kb1 Qb8
15. Rd3 Rc8 16. Rhd1 Rxc3 17. bxc3 a4 18. Nc1 Qc7 19. c4 Nd7 20. Bxd7 Qxd7 21.
Qb6 Bxc4 22. Rxd6 Bxd6 23. Rxd6 Qe7 24. Nd3 Bxd3 25. Rxd3 g6 26. a3 Kg7 27. Qb4
Qe8 28. Rd5 Rc8 29. Qd6 f6 30. Qd7+ Kg8 31. Qxe8+ Rxe8 32. Rd7 Rb8 33. Kb2 b5
34. Rc7 b4 35. axb4 Rxb4+ 36. Ka3 Rd4 37. c4 Rd2 38. Kxa4 Rxg2 39. c5 Rxh2 40.
c6 Rc2 41. Kb5 Rb2+ 42. Kc5 Rc2+ 43. Kd6 Rd2+ 44. Ke6 f5 45. Rd7 Rc2 46. c7 fxe4
47. fxe4 g5 1-0

[Event "PRO League Group Stage"]
[Site "chess.com INT"]
[Date "2020.02.17"]
[Round "7"]
[White "Perez Ponsa, Federico"]
[Black "Robson, Ray"]
[Result "1/2-1/2"]
[WhiteTitle "GM"]
[BlackTitle "GM"]
[WhiteElo "2559"]
[BlackElo "2673"]
[WhiteTeam "Argentina Krakens"]
[BlackTeam "Chicago Wind"]
[WhiteFideId "117927"]
[BlackFideId "2023970"]
[EventDate "2020.01.06"]

1. e4 e5 2. Nf3 Nc6 3. Bb5 a6 4. Ba4 Nf6 5. O-O Nxe4 6. d4 b5 7. Bb3 d5 8. dxe5
Be6 9. c3 Be7 10. Nbd2 Nc5 11. Bc2 d4 12. Nb3 d3 13. Nxc5 dxc2 14. Qxd8+ Rxd8
15. Nxe6 fxe6 16. Be3 Rd5 17. Rac1 Nxe5 18. Nxe5 Rxe5 19. Rxc2 Kf7 20. c4 b4 21.
b3 Rd8 22. g3 Bg5 23. Bxg5 Rxg5 24. Re1 Ra5 25. Kg2 Rd6 26. Re4 Rc5 27. Rce2 a5
28. Re5 Rxe5 29. Rxe5 a4 30. Rb5 axb3 31. axb3 c5 32. Rxc5 Rd3 33. Rc7+ Kf6 34.
Rb7 Rxb3 35. c5 Rc3 36. Rxb4 Rxc5 37. Rf4+ 1/2-1/2

[Event "PRO League Group Stage"]
[Site "chess.com INT"]
[Date "2020.02.17"]
[Round "7"]
[White "Flores, Diego"]
[Black "Nyzhnyk, Illya"]
[Result "0-1"]
[WhiteTitle "GM"]
[BlackTitle "GM"]
[WhiteElo "2599"]
[BlackElo "2662"]
[WhiteTeam "Argentina Krakens"]
[BlackTeam "Chicago Wind"]
[WhiteFideId "108049"]
[BlackFideId "14118084"]
[EventDate "2020.01.06"]

1. c4 e6 2. Nf3 Nf6 3. g3 d5 4. Bg2 dxc4 5. O-O a6 6. a4 Nc6 7. a5 Bd6 8. Qa4
O-O 9. Qxc4 e5 10. Nc3 Be6 11. Qa4 h6 12. d3 Nd7 13. Nd2 Nc5 14. Qd1 Nd4 15. b4
Ncb3 16. Rb1 Nxc1 17. Qxc1 c6 18. Nde4 Be7 19. e3 Nb5 20. Rd1 f5 21. Nxb5 axb5
22. Nc5 Bc8 23. d4 e4 24. d5 cxd5 25. Bf1 Rf6 26. Bxb5 Rd6 27. Rb2 b6 28. axb6
Qxb6 29. Be2 Bf6 30. Rc2 Kh7 31. Kg2 Ra1 32. Qd2 Rxd1 33. Bxd1 d4 34. Na4 Qd8
35. Rc1 dxe3 36. Qxe3 Rxd1 37. Rxd1 Qxd1 0-1

[Event "PRO League Group Stage"]
[Site "chess.com INT"]
[Date "2020.02.17"]
[Round "7"]
[White "Cori, Jorge"]
[Black "Villanueva, Mario"]
[Result "1/2-1/2"]
[WhiteTitle "GM"]
[BlackTitle "IM"]
[WhiteElo "2652"]
[BlackElo "2488"]
[WhiteTeam "Chicago Wind"]
[BlackTeam "Argentina Krakens"]
[WhiteFideId "3802272"]
[BlackFideId "113433"]
[EventDate "2020.01.06"]

1. d4 d5 2. c4 e6 3. Nf3 Nf6 4. Nc3 Bb4 5. Bg5 h6 6. Bxf6 Qxf6 7. e3 O-O 8. Qb3
c5 9. a3 Bxc3+ 10. bxc3 dxc4 11. Bxc4 Nc6 12. Be2 cxd4 13. cxd4 b6 14. O-O Bb7
15. Rfc1 Rfc8 16. Qa4 Qe7 17. h3 Rc7 18. Rc2 Rac8 19. Rac1 Kf8 20. Bb5 Na5 21.
Ne5 Rxc2 22. Rxc2 Rxc2 23. Qxc2 Kg8 24. a4 Qd8 25. f3 Qc8 26. Qxc8+ Bxc8 27. Be8
f6 28. Ng6 Ba6 29. e4 Nc4 30. Kf2 Nd6 31. Bd7 Kf7 32. Nf4 Bc8 33. Bc6 g5 34. Nd3
Ke7 35. e5 Nf5 36. exf6+ Kxf6 37. d5 Ne7 38. f4 exd5 39. fxg5+ hxg5 40. Be8 Bf5
41. Ne1 Be4 42. Nf3 Bxf3 43. Kxf3 Nf5 44. g3 Nd6 45. Bd7 a6 46. h4 gxh4 47. gxh4
b5 48. axb5 axb5 49. Ke3 Nf5+ 50. Kf4 Nd6 51. Ke3 Ke5 52. h5 b4 53. h6 Kf6 54.
h7 Kg7 55. Be6 b3 56. Bxd5 b2 57. Ba2 Nb5 58. Kd3 Na3 59. Kc3 b1=Q 60. Bxb1
Nxb1+ 61. Kb2 Kxh7 1/2-1/2